Paroles - Francis Cabrel - La Corrida - Statistiques

Statistiques générales
  • Ce quiz a été pris 47 fois
  • Le résultat moyen est 237 sur 291
Statistiques - réponses
Paroles % Correct
a
100%
à
100%
C'
100%
ce
100%
Ce
100%
d'
100%
du
100%
et
100%
Et
100%
J'
100%
j'
100%
je
100%
Je
100%
l'
100%
le
100%
les
100%
Les
100%
m'
100%
qu'
100%
que
100%
s'
100%
se
100%
ai
98%
Au
98%
de
98%
en
98%
il
98%
la
98%
on
98%
Dans
95%
dans
95%
des
95%
est
95%
Est-
95%
me
95%
mon
95%
cette
93%
Cette
93%
cou
93%
monde
93%
sérieux ?
93%
un
93%
entends
90%
ma
90%
noire,
90%
temps
90%
vais
90%
ça
88%
chambre
88%
comme
88%
Depuis
88%
Ils
88%
pas
88%
patiente
88%
sur
88%
amuse
85%
autour.
85%
autour
85%
chante
85%
eu
85%
femme
85%
gens
85%
Mais
85%
ne
85%
par
85%
ses
85%
verrou
85%
avoir,
83%
bien
83%
bien.
83%
couloir.
83%
danseuse
83%
deux
83%
ont
83%
oreilles.
83%
peur
83%
Pour
83%
pour
83%
ridicule...
83%
sans
83%
soir,
83%
son
83%
torero
83%
bout
80%
comprendre.
80%
Dormira
80%
grand
80%
moi,
80%
Quelqu'
80%
soleil !
80%
vu
80%
Andalousie,
78%
ces
78%
commence
78%
finir
78%
jour
78%
lui
78%
cru
76%
derrière
76%
faire
76%
fallait
76%
issue,
76%
leurs
76%
moments,
76%
76%
recule.
76%
refermé
76%
seulement
76%
touché
76%
une
76%
Avec
73%
cactus.
73%
défendre.
73%
pantin,
73%
papier ?
73%
premiers
73%
souviens :
73%
souviens.
73%
chapeau,
71%
costumes
71%
jamais
71%
minus !
71%
prairies
71%
tombe...
71%
vers
71%
bordées
68%
place
68%
tourner
68%
appris
66%
ballerines.
66%
barrières
66%
battre
66%
contre
66%
fanfares,
66%
poupées.
66%
rire
66%
acrobates
63%
incline.
63%
peut
63%
sortent
63%
sous
63%
tout
63%
succombe
61%
amuser
59%
fort
59%
fou
59%
plongé
59%
Presque
59%
prié
59%
sable
59%
vois
59%
arrête
56%
attraper,
56%
autant
56%
danser
56%
fantômes,
56%
frappé
56%
pensais
56%
râle,
56%
devant
54%
poursuivi
54%
tête
54%
Sentir
51%
trembler
51%
puisse
46%
Y
41%
Baila
39%
baila,
39%
otros,
39%
otros
39%
Si,
39%
si,
39%
toros
37%
Otras
32%
vidas
29%
hombre,
24%
nuevo,
22%
Venga,
22%
venga
22%
bailar
20%
mataremos
20%
Hay
15%
Aucun quiz correspondant
Distribution des résultats
% des personnes avec chaque résultat
Percentile par nombre de réponses
Votre historique - résultats
Vous n’avez pas pris ce quiz